|
|
|
|
| LEADER |
00859nam a22002177a 4500 |
| 020 |
|
|
|a 81-7638-19-0
|
| 082 |
|
|
|a 900
|b ROM/I Q2
|
| 100 |
|
|
|a റൊമില ഥാപ്പർ
|9 116865
|
| 100 |
|
|
|a Romela Thapar
|9 119020
|
| 240 |
|
|
|a India Charitram: Madhyakalam
|
| 245 |
|
|
|a ഇന്ത്യാചരിത്രം: മധ്യകലം
|
| 250 |
|
|
|a 3rd
|
| 260 |
|
|
|a Trivandrum;
|b The State Institute of Languages;
|c 2012
|
| 300 |
|
|
|a 155p.
|
| 650 |
|
|
|a മലയാളം; ചരിത്രം
|9 119021
|
| 650 |
|
|
|a Malayalam; History
|9 119022
|
| 700 |
|
|
|a സി ഭാസ്കരൻ (വിവർ.)
|9 118676
|
| 700 |
|
|
|a C Bhaskarn (Tr.)
|9 119023
|
| 942 |
|
|
|c BK
|
| 999 |
|
|
|c 56512
|d 56512
|
| 952 |
|
|
|0 0
|1 0
|4 0
|6 954_000000000000000_ROM_I_Q2
|7 0
|8 INDHIS
|9 67578
|a MAL
|b MAL
|d 2016-07-18
|e CR518
|g 75.00
|l 0
|o 954 ROM/I Q2
|p MALCR000518
|r 2016-07-18
|t 1
|w 2016-07-18
|y BK
|